| 000 | 00482nam a2200169Ia 4500 | ||
|---|---|---|---|
| 008 | 150610s9999 xx 000 0 und d | ||
| 020 | _a0 486264785 | ||
| 050 |
_aPR5818 _b.I4 1990 |
||
| 100 | _a Wilde, Oscar, 1854-1900 | ||
| 245 | 4 |
_aThe importance of being earnest / _cOscar Wilde. |
|
| 260 |
_aNew York : _bDover Publications, _c1990. |
||
| 300 |
_a54pages ; _c21 cm. |
||
| 520 | _aDrama. | ||
| 650 |
_aEngland _xDrama. |
||
| 650 |
_aFoundlings _xDrama. |
||
| 650 | _bComedies. | ||
| 999 |
_c288199 _d288199 |
||